[Event "Leonid Stein Mem"]
[Site "Lviv UKR"]
[Date "2000.05.12"]
[Round "1"]
[White "Krasenkow,M"]
[Black "Romanishin,O"]
[Result "1-0"]
[WhiteElo "2661"]
[BlackElo "2578"]

1.Nf3 Nf6 2.c4 e6 3.Nc3 Bb4 4.g4 O-O 5.g5 Ne8 6.Qc2 d5 7.b3 Be7 8.Rg1 c5
9.e3 Nc6 10.Bd3 f5 11.gxf6 Nxf6 12.a3 Qe8 13.Bb2 Qh5 14.Be2 d4 15.Nxd4 Nxd4
16.exd4 Qxh2 17.O-O-O cxd4 18.Ne4 Qf4 19.Bd3 Nxe4 20.Bxe4 h6 21.Bxd4 Bf6
22.Be3 Qd6 23.c5 Qa6 24.a4 Qa5 25.Bxh6 Qb4 26.Rxg7+ Bxg7 27.Bh7+ Kh8 28.Bxg7+ Kxg7
29.Qg6+ Kh8 30.Qh5 Rxf2 31.Be4+ Kg7 32.Rg1+ Kf8 33.Qh6+ Ke7 34.Rg7+ Rf7 35.Qg5+ Ke8
36.Rg8+  1-0

[Event "Leonid Stein Mem"]
[Site "Lviv UKR"]
[Date "2000.05.13"]
[Round "2"]
[White "Krasenkow,M"]
[Black "Korchnoi,V"]
[Result "1-0"]
[WhiteElo "2661"]
[BlackElo "2659"]

1.d4 d5 2.Nf3 e6 3.c4 dxc4 4.Qa4+ Bd7 5.Qxc4 Bc6 6.Nc3 Nf6 7.Ne5 Be7 8.Bg5 O-O
9.Nxc6 Nxc6 10.e3 e5 11.dxe5 Nxe5 12.Qb5 Nfd7 13.Bf4 c6 14.Qe2 Qa5 15.O-O-O Bb4
16.Qc2 Nf6 17.Be2 Rfe8 18.Rhf1 Ng6 19.Bg3 Bxc3 20.bxc3 Ne4 21.Kb2 b5 22.Rd4 Nxg3
23.hxg3 Rab8 24.Ka1 Nf8 25.Rh1 Re5 26.Qb2 Qc7 27.Rhd1 g6 28.Bf3 Re6 29.Qd2 Qa5
30.Rb1 c5 31.Rd5 Qc7 32.Rd1 b4 33.cxb4 cxb4 34.Rc1 Qe7 35.Bd1 b3 36.Qb2 a5
37.axb3 a4 38.Rd3 Ra6 39.Kb1 Qe4 40.Qd4 Qxg2 41.Qf4 Rbb6 42.Rc8 Kg7 43.Qe5+ Rf6
44.Qe8 Rxf2 45.Qxf8+ Kf6 46.Qh8+ Kg5 47.Rc5+  1-0

[Event "Leonid Stein Mem"]
[Site "Lviv UKR"]
[Date "2000.05.13"]
[Round "2"]
[White "Romanishin,O"]
[Black "Beliavsky,A"]
[Result "1-0"]
[WhiteElo "2578"]
[BlackElo "2640"]

1.c4 e5 2.Nc3 Nc6 3.Nf3 f5 4.g3 g6 5.Bg2 Bg7 6.O-O Nge7 7.Rb1 d6 8.b4 e4
9.Ne1 Be6 10.Bb2 Bxc4 11.b5 Ne5 12.d3 exd3 13.Nxd3 Bxd3 14.exd3 O-O 15.d4 Nd7
16.Bxb7 Rb8 17.Bg2 f4 18.a4 Kh8 19.Ne4 Nf5 20.d5 Bxb2 21.Rxb2 a6 22.bxa6 Ra8
23.Qd3 Ne5 24.Qc3 Ng7 25.Rfb1 Rxa6 26.gxf4 Nd7 27.Ng5 Kg8 28.Ne6 Qf6 29.Qxc7 Nxe6
30.dxe6 Qxe6 31.Rb7 Rf7 32.Qc8+ Nf8 33.Qxe6 Nxe6 34.Bd5  1-0

[Event "Leonid Stein Mem"]
[Site "Lviv UKR"]
[Date "2000.05.15"]
[Round "4"]
[White "Beliavsky,A"]
[Black "Korchnoi,V"]
[Result "1/2-1/2"]
[WhiteElo "2640"]
[BlackElo "2659"]

1.d4 Nf6 2.c4 e6 3.Nc3 Bb4 4.Qc2 O-O 5.a3 Bxc3+ 6.Qxc3 b6 7.Bg5 Ba6 8.Qf3 Nc6
9.e3 Na5 10.Rc1 c5 11.d5 exd5 12.Bxf6 Qxf6 13.Qxf6 gxf6 14.cxd5 Bxf1 15.Kxf1 Rfe8
16.Ne2 Re5 17.Nf4 Nb3 18.Rc3 c4 19.g4 b5 20.Kg2 f5 21.h3 Nc5 22.Rd1 fxg4
23.hxg4 f5 24.gxf5 Rxf5 25.Rh1 Raf8 26.Rc2 Nd3 27.Nxd3 cxd3 28.Rd2 Rg5+ 29.Kf1 Rc8
30.Rd1 Rxd5 31.Rh3 d2 32.Ke2 Rc2 33.Rf3  1/2-1/2

[Event "Leonid Stein Mem"]
[Site "Lviv UKR"]
[Date "2000.05.16"]
[Round "5"]
[White "Krasenkow,M"]
[Black "Beliavsky,A"]
[Result "0-1"]
[WhiteElo "2661"]
[BlackElo "2640"]

1.c4 e6 2.g3 d5 3.Bg2 Nf6 4.Nf3 Be7 5.O-O O-O 6.b3 c5 7.cxd5 Nxd5 8.Bb2 b6
9.Nc3 Bb7 10.Nxd5 Bxd5 11.Qb1 Nd7 12.Bc3 Re8 13.Rd1 Rc8 14.Qb2 Bf8 15.d4 Qc7
16.Rac1 Qb7 17.Ne1 Bxg2 18.Nxg2 c4 19.Ne3 cxb3 20.Qxb3 Qa6 21.Rc2 Rc6 22.Rdc1 Rec8
23.Be1 Rxc2 24.Rxc2 Rxc2 25.Qxc2 Nf6 26.Nc4 Qc8 27.Qd3 b5 28.Ne5 h6 29.f3 a6
30.Qb3 Qc1 31.Kf2 Nd5 32.e4 Qa1 33.Nc6 Nb6 34.Ke2 h5 35.Nb8 Qxd4 36.Nxa6 Nc4
37.Nc7 Qg1 38.Bf2 Qg2 39.Qxb5 Nd2 40.Qxh5 Bb4 41.Nxe6 Qf1+ 42.Ke3 Nc4+ 43.Kf4 Qxf2
44.Qb5 Bd6+ 45.Kg5 Qxf3  0-1

[Event "Leonid Stein Mem"]
[Site "Lviv UKR"]
[Date "2000.05.16"]
[Round "5"]
[White "Romanishin,O"]
[Black "Gelfand,B"]
[Result "1/2-1/2"]
[WhiteElo "2578"]
[BlackElo "2692"]

1.Nf3 d5 2.d4 Nf6 3.c4 c6 4.e3 Bf5 5.Nc3 e6 6.Bd3 Bxd3 7.Qxd3 Nbd7 8.O-O Bb4
9.Bd2 a5 10.Rfd1 O-O 11.a3 Bxc3 12.Bxc3 Ne4 13.Be1 a4 14.Rab1 Nb6 15.Rdc1 Qb8
16.c5 Nd7 17.b4 axb3 18.Qxb3 Ra7 19.a4 f5 20.a5 g5 21.Qb2 g4 22.Ne5 Nxe5
23.dxe5 Rf7 24.f3 gxf3 25.gxf3 Ng5 26.Kh1 Rg7 27.Bh4 Rxa5 28.Bxg5 Rb5 29.Qa1 Rxg5
30.Rxb5 cxb5 31.f4 Rg7 32.Qa5 Qe8 33.Rb1 d4 34.Qxb5 Qh5 35.Qf1 dxe3 36.Re1 Rg3
37.Rxe3 Rxe3 38.Qg1+ Kf7 39.Qxe3 Qd1+ 40.Kg2 Qd5+ 41.Kg3 Kg6  1/2-1/2

[Event "Leonid Stein Mem"]
[Site "Lviv UKR"]
[Date "2000.05.18"]
[Round "6"]
[White "Gelfand,B"]
[Black "Korchnoi,V"]
[Result "1/2-1/2"]
[WhiteElo "2692"]
[BlackElo "2659"]

1.d4 Nf6 2.c4 e6 3.Nf3 b6 4.a3 Bb7 5.Nc3 d5 6.cxd5 Nxd5 7.Qc2 Nxc3 8.bxc3 Be7
9.e4 O-O 10.Bd3 c5 11.O-O Qc8 12.Qa2 Nd7 13.Qe2 a5 14.Bf4 Ba6 15.Rfb1 Bxd3
16.Qxd3 Qa6 17.Rb5 Rac8 18.a4 Rfd8 19.Ne5 cxd4 20.cxd4 Nc5 21.Qb1 Rxd4 22.Rxb6 Rd1+
23.Qxd1 Qxb6 24.Rc1 Qb7 25.Qc2 f6 26.Nd3 Qxe4 27.Be3 Rd8 28.Bxc5  1/2-1/2

[Event "Leonid Stein Mem"]
[Site "Lviv UKR"]
[Date "2000.05.19"]
[Round "7"]
[White "Korchnoi,V"]
[Black "Krasenkow,M"]
[Result "1/2-1/2"]
[WhiteElo "2659"]
[BlackElo "2661"]

1.d4 Nf6 2.c4 g6 3.Nc3 d5 4.e3 Bg7 5.Qb3 e6 6.Qa3 c6 7.Nf3 a5 8.b3 Na6 9.Be2 Ne4
10.Na4 Nb4 11.Qb2 c5 12.O-O O-O 13.Rd1 cxd4 14.exd4 dxc4 15.bxc4 Bd7 16.Nc3 Nxc3
17.Qxc3 Ba4 18.Rd2 Qc7 19.Ba3 b5 20.Bxb4 axb4 21.Qxb4 bxc4 22.Qxc4 Qxc4 23.Bxc4 Rfd8
24.Re1 Ra5 25.Bb3 Bc6 26.Red1 Bh6 27.Re2 Bg7 28.Ne5 Ba4 29.f4 Bxb3 30.axb3 Rb5
31.Rd3 f6 32.Nc6 Rd6 33.d5 exd5 34.Nd4 Rb8 35.f5 Rdb6 36.Re6 Bf8 37.Kf1 Bc5
38.Rxb6 Rxb6 39.Ne6 Bd6 40.Rxd5 gxf5 41.h3 Kf7 42.Nd4 Be5  1/2-1/2

[Event "Leonid Stein Mem"]
[Site "Lviv UKR"]
[Date "2000.05.20"]
[Round "8"]
[White "Gelfand,B"]
[Black "Beliavsky,A"]
[Result "1/2-1/2"]
[WhiteElo "2692"]
[BlackElo "2640"]

1.d4 Nf6 2.c4 e6 3.Nf3 b6 4.g3 Ba6 5.b3 Bb4+ 6.Bd2 Be7 7.Nc3 Bb7 8.Bg2 O-O
9.O-O Na6 10.Qb1 c5 11.e4 d5 12.cxd5 exd5 13.exd5 Nxd5 14.Rd1 Bf6 15.Ne4 cxd4
16.Nxf6+ Qxf6 17.Bg5 Qg6 18.Qxg6 hxg6 19.Nxd4 Nc5 20.Nb5 Nf6 21.Bxb7 Nxb7
22.Rac1 Nc5 23.Be3 Ne6 24.h3 Rfe8 25.Nc7 Nxc7 26.Rxc7 Rec8 27.Rdc1 Rxc7 28.Rxc7 Nd5
29.Rb7 Re8 30.Rxa7 Nxe3 31.fxe3 Rxe3 32.Kf2 Rc3 33.h4 f5 34.Rb7 Rc2+ 35.Kf3 Rxa2
36.Rxb6 Kf7  1/2-1/2

[Event "Leonid Stein Mem"]
[Site "Lviv UKR"]
[Date "2000.05.21"]
[Round "9"]
[White "Beliavsky,A"]
[Black "Krasenkow,M"]
[Result "1/2-1/2"]
[WhiteElo "2640"]
[BlackElo "2661"]

1.c4 e6 2.d4 d5 3.Nf3 c6 4.Bg5 Be7 5.Bxe7 Qxe7 6.Nbd2 Nf6 7.g3 O-O 8.Bg2 Nbd7
9.O-O e5 10.cxd5 e4 11.d6 Qxd6 12.Nc4 Qe7 13.Nfd2 Nb6 14.Qc2 Nxc4 15.Nxc4 Rd8
16.Rfd1 Be6 17.Ne3 Qb4 18.a3 Qb6 19.Nc4 Qb5 20.b3 a5 21.a4 Qb4 22.e3 Bd5
23.Rac1 c5 24.dxc5 Qxc5 25.Rd4 Bc6 26.Rcd1 Rxd4 27.Rxd4 h6 28.Qd2 Bd5 29.h3 b6
30.Bf1 Rc8 31.Qd1 Rc7 32.Nd2 Qc1 33.Nc4 Qxd1 34.Rxd1 Rc6 35.Rd4 Kf8 36.Nd2 Rc1
37.Kg2 Ke7 38.g4 Rc2 39.Bc4 Bc6 40.Kg3 g5 41.Bf1 Bd5 42.Nc4 Bxc4 43.Bxc4 Rb2
44.Rd1 Ne8 45.Bd5 Nf6 46.Bc4 Ne8 47.Bd5 Nd6 48.Rc1 Rd2 49.Ba8 Rd3 50.Rb1 Rc3
51.Bd5 Kf6 52.Bc4 Nxc4 53.bxc4 Rxc4 54.Rxb6+ Kg7 55.h4 gxh4+ 56.Kxh4 Rxa4
57.Rb5 Ra2 58.Kg3 f6 59.Rc5 Ra4  1/2-1/2